Our town : (Record no. 18314)
[ view plain ]
| 000 -LEADER | |
|---|---|
| fixed length control field | 01236cam a2200337 a 4500 |
| 003 - CONTROL NUMBER IDENTIFIER | |
| control field | EG-ScBUE |
| 005 - DATE AND TIME OF LATEST TRANSACTION | |
| control field | 20201031093022.0 |
| 008 - FIXED-LENGTH DATA ELEMENTS--GENERAL INFORMATION | |
| fixed length control field | 140622t2003 nyuo f 000 d eng d |
| 020 ## - INTERNATIONAL STANDARD BOOK NUMBER | |
| International Standard Book Number | 9780060512637 |
| 040 ## - CATALOGING SOURCE | |
| Original cataloging agency | EG-ScBUE |
| Language of cataloging | eng |
| Description conventions | rda |
| Transcribing agency | EG-ScBUE |
| Modifying agency | EG-ScBUE |
| 043 ## - GEOGRAPHIC AREA CODE | |
| Geographic area code | n-us-nh |
| 082 04 - DEWEY DECIMAL CLASSIFICATION NUMBER | |
| Classification number | 812.52 |
| Item number | WIL |
| Edition number | 22 |
| 100 1# - MAIN ENTRY--PERSONAL NAME | |
| Personal name | Wilder, Thornton, |
| Dates associated with a name | 1897-1975, |
| Relator term | author. |
| 9 (RLIN) | 36006 |
| 245 10 - TITLE STATEMENT | |
| Title | Our town : |
| Remainder of title | a play in three acts / |
| Statement of responsibility, etc | Thornton Wilder ; [foreword by Donald Margulies] |
| 264 #1 - PUBLICATION, DISTRIBUTION, ETC. (IMPRINT) | |
| Place of publication, distribution, etc | New York : |
| Name of publisher, distributor, etc | Harper Perennial Modern classics, |
| Date of publication, distribution, etc | [2003] |
| 264 #4 - PUBLICATION, DISTRIBUTION, ETC. (IMPRINT) | |
| Date of publication, distribution, etc | c2003 |
| 300 ## - PHYSICAL DESCRIPTION | |
| Extent | xx, 181 pages : |
| Other physical details | photographs ; |
| Dimensions | 21 cm. |
| 336 ## - CONTENT TYPE | |
| Source | rdacontent |
| Content type term | text |
| Content type code | txt |
| 337 ## - MEDIA TYPE | |
| Source | rdamedia |
| Media type term | unmediated |
| Media type code | n |
| 338 ## - CARRIER TYPE | |
| Source | rdacarrier |
| Carrier type term | volume |
| Carrier type code | nc |
| 490 0# - SERIES STATEMENT | |
| Series statement | Perennial classics |
| 500 ## - GENERAL NOTE | |
| General note | "First Perennial Classics edition published 1998; reissued 2003"-T.p. verso. |
| 650 #7 - SUBJECT ADDED ENTRY--TOPICAL TERM | |
| Topical term or geographic name as entry element | City and town life |
| Form subdivision | Drama. |
| 9 (RLIN) | 36007 |
| Source of heading or term | BUEsh |
| 650 #7 - SUBJECT ADDED ENTRY--TOPICAL TERM | |
| Topical term or geographic name as entry element | Young women |
| Form subdivision | Drama. |
| 9 (RLIN) | 25288 |
| Source of heading or term | BUEsh |
| 650 #7 - SUBJECT ADDED ENTRY--TOPICAL TERM | |
| Topical term or geographic name as entry element | Death |
| Form subdivision | Drama. |
| 9 (RLIN) | 36008 |
| Source of heading or term | BUEsh |
| 651 #7 - SUBJECT ADDED ENTRY--GEOGRAPHIC NAME | |
| Geographic name | New Hampshire |
| Form subdivision | Drama. |
| 9 (RLIN) | 36010 |
| Source of heading or term | BUEsh |
| 653 ## - INDEX TERM--UNCONTROLLED | |
| Arrived date list | June2014 |
| Resource For college | Humanities: English |
| 655 ## - INDEX TERM--GENRE/FORM | |
| Form subdivision | Reading book |
| 9 (RLIN) | 34232 |
| 700 1# - ADDED ENTRY--PERSONAL NAME | |
| Personal name | Margulies, Donald, |
| Relator term | author of introduction, etc. |
| 9 (RLIN) | 36009 |
| 942 ## - ADDED ENTRY ELEMENTS (KOHA) | |
| Source of classification or shelving scheme | Dewey Decimal Classification |
| Call number prefix | 812.52 WIL |
| Koha item type | Book - Borrowing |
| Withdrawn status | Lost status | Source of classification or shelving scheme | Damaged status | Not for loan | Collection code | Home library | Current library | Shelving location | Date acquired | Source of acquisition | Cost, normal purchase price | Serial Enumeration / chronology | Total Checkouts | Full call number | Barcode | Date last seen | Cost, replacement price | Price effective from | Koha item type |
|---|---|---|---|---|---|---|---|---|---|---|---|---|---|---|---|---|---|---|---|
| Dewey Decimal Classification | Baccah | Central Library | Central Library | Second Floor | 23/06/2014 | Purchase | 150.00 | 19833 | 812.52 WIL | 000036009 | 15/07/2025 | 187.50 | 23/06/2014 | Book - Borrowing |